000 00550nam a2200193Ia 4500
005 20260120132100.0
008 008 260114s9999 xx 000 0 eng d
020 _a9781383036190
037 _aEBOOK
040 _aCRL
_beng
_cCRL
041 _aeng
_2eng
084 _qCRL
100 _aFeldman
_9934737
245 0 _aEnglish Public Law: Oxford Principles of English Law
260 _bOxford University PressOxford University Press
_c2023
856 _uhttps://academic.oup.com/book/50465
942 _cEBOOK
999 _c1526660
_d1526660